书目信息 |
| 题名: |
世界报刊、通讯社、电台译名手册
|
|
| 作者: | 辛华 编 | |
| 分册: | ||
| 出版信息: | 北京 商务印书馆 1978.04 |
|
| 页数: | 664页 | |
| 开本: | 20cm | |
| 丛书名: | ||
| 单 册: | ||
| 中图分类: | G21-62 | |
| 科图分类: | ||
| 主题词: | 新闻学 , 新闻工作 | |
| 电子资源: | ||
| ISBN: | ||
| 000 | 00577nam0 2200205 450 | |
| 001 | 1945221806 | |
| 005 | 20190114123542.83 | |
| 010 | @dCNY2.55 | |
| 100 | @a20190114d1978 km y0chiy0120 ea | |
| 101 | 0 | @achi |
| 102 | @aCN@b110000 | |
| 200 | 1 | @a世界报刊、通讯社、电台译名手册@Ashi jie bao kan、tong xun she、dian tai yi ming shou ce@f辛华编@Fxin hua bian |
| 210 | @a北京@c商务印书馆@d1978.04 | |
| 215 | @a664页@d20cm | |
| 606 | 0 | @a新闻学 |
| 606 | 0 | @a新闻工作 |
| 690 | @aG21-62@v4 | |
| 701 | 0 | @a辛华@Axin hua@4编 |
| 801 | 0 | @aCN@bMUSE@c20190114 |
| 905 | @aMUSE@dG21-62@eX510 | |
| 世界报刊、通讯社、电台译名手册/辛华编.-北京:商务印书馆,1978.04 |
| 664页;20cm |
| ISBN :CNY2.55 |
| ● |
| 相关链接 |
|
|
|
正题名:世界报刊、通讯社、电台译名手册
索取号:G21-62/X510
 
预约/预借
| 序号 | 登录号 | 条形码 | 馆藏地/架位号 | 状态 | 备注 |
| 1 | 1301750 | 213017509 | 社科库409/409社科库 57排4列1层/ [索取号:G21-62/X510] | 在馆 |